000 00518cam a2200205 4500
001 B327
008 090401t1986 xxu||||| |||| 00| 0 eng d
035 _a(Sirsi) u35012
041 _aeng
050 _a333.33709421
110 _aWinter and Company
_92734
245 _aServiced offices in central London : a market report
260 _aLondon
_bWinter and Company
_c1986
300 _a(11)p. ; 30cm.
350 _a21.5
650 _aBUSINESS CENTRES
650 _aOFFICES
942 _n0
948 _c04/03/1997
999 _c90023
_d90023